UBT Library

Subarachnoid hemorrhage : (Record no. 47240)

000 -LEADER
fixed length control field 00770pam a2200241 a 4500
001 - CONTROL NUMBER
control field 1669822
005 - DATE AND TIME OF LATEST TRANSACTION
control field 20180822035542.0
008 - FIXED-LENGTH DATA ELEMENTS--GENERAL INFORMATION
fixed length control field 980303s1998 nyua b 001 0 eng c
010 ## - LIBRARY OF CONGRESS CONTROL NUMBER
LC control number 98015924
020 ## - INTERNATIONAL STANDARD BOOK NUMBER
International Standard Book Number 0195128753 (hardback)
040 ## - CATALOGING SOURCE
Original cataloging agency DNLM/DLC
Transcribing agency DLC
Modifying agency DLC
041 ## - LANGUAGE CODE
Language code of text/sound track or separate title eng
060 10 - NATIONAL LIBRARY OF MEDICINE CALL NUMBER
Classification number W1 CO769N v.52 1999
-- WL 200 W425s 1999
080 ## - UNIVERSAL DECIMAL CLASSIFICATION NUMBER
Universal Decimal Classification number 616.81
082 00 - DEWEY DECIMAL CLASSIFICATION NUMBER
Classification number 616.81
Edition number 21
100 1# - Rafti
Rafti 7
101 ## - Shkurtesa
Shkurtesa NNEU
245 10 - TITLE STATEMENT
Title Subarachnoid hemorrhage :
Statement of responsibility, etc Bryce Weir.
504 ## - BIBLIOGRAPHY, ETC. NOTE
Bibliography, etc Includes bibliographical references and index.
906 ## - LOCAL DATA ELEMENT F, LDF (RLIN)
a 7
b cbc
c orignew
d 1
e ocip
f 19
g y-gencatlg
942 ## - ADDED ENTRY ELEMENTS (KOHA)
Source of classification or shelving scheme
Item type Books
Holdings
Withdrawn status Lost status Source of classification or shelving scheme Damaged status Not for loan Collection code Permanent location Current location Shelving location Date acquired Total Checkouts Full call number Barcode Date last seen Price effective from Koha item type
          Koleksioni i përgjithshem UBT - Lipjan UBT - Lipjan Koleksioni i përgjithshem 08/22/2018   616.81 WEI 002-3011425 08/22/2018 08/22/2018 Books
UBT Library © 2015-2024. All rights reserved University Education for Business and Technology